00550nam a2200181Ia 450000500170000000800410001702000150005808200150007310000120008824500620010026000480016230000170021065000150022765000080024294200060025095200970025699900150035320240807060258.0240331s9999 xx 000 0 und d a0521578493 bROSa393.9 aRose, G 0aMourning becomes the law :bphilosophy and representation aCambridgebCambridge University pressc1996 avii,163 p ., aPhilosophy aLaw cL 001040708LaWERCLbWERCLcSSCd2024-03-31l0o 393.9 ROSp2266r2024-03-31w2024-03-31yL c2983d2983